Structural Change and Economic Dynamics (Record no. 5518)

MARC details
000 -LEADER
fixed length control field 00439nas a22001937i 4500
001 - CONTROL NUMBER
control field 5782
003 - CONTROL NUMBER IDENTIFIER
control field OSt
005 - DATE AND TIME OF LATEST TRANSACTION
control field 20190808100446.0
007 - PHYSICAL DESCRIPTION FIXED FIELD--GENERAL INFORMATION
fixed length control field tu
008 - FIXED-LENGTH DATA ELEMENTS--GENERAL INFORMATION
fixed length control field 161220c19999999xxu||||| |||| 00| 0 d
022 ## - INTERNATIONAL STANDARD SERIAL NUMBER
International Standard Serial Number 0954-349X
024 7# - OTHER STANDARD IDENTIFIER
Standard number or code 5782
Source of number or code RID
024 7# - OTHER STANDARD IDENTIFIER
Standard number or code 5782
Source of number or code RSN (alt)
040 ## - CATALOGING SOURCE
Transcribing agency OSt
245 00 - TITLE STATEMENT
Title Structural Change and Economic Dynamics
260 ## - PUBLICATION, DISTRIBUTION, ETC.
Place of publication, distribution, etc. Amsterdam :
Name of publisher, distributor, etc. Elsevier,
Date of publication, distribution, etc. 1990-
866 ## - TEXTUAL HOLDINGS--BASIC BIBLIOGRAPHIC UNIT
Public note 1993/4 - 2008/4
942 ## - ADDED ENTRY ELEMENTS (KOHA)
Koha item type Journal
Holdings
Withdrawn status Lost status Damaged status Not for loan Home library Current library Shelving location Date acquired Inventory number Total Checkouts Barcode Date last seen Price effective from Koha item type
        WIIW WIIW Library 08/04/2004 5782   10001033 01/26/2017 01/26/2017 Journal
The Vienna Instiute for International Economic Studies (wiiw)